00835cam a2200229 a 450000100100000000500170001000800410002702000150006804000250008308200190010810000290012724500670015626000580022330000350028149000160031650000320033250400360036458600930040065000430049365000520053683000170058800001223620200929162745.0000720s1992 ck a b 000 0 spa  a958905725X aDO-SdBNPcDLCdBNPHU a371.334bG182i1 aGalvis Panqueva, Alvaro.10aIngenieria de software educativo /cAlvaro H. Galvis Panqueva. aSantafé de Bogotá, (Colombia) :bUniandes,c1992. axxiii, 359 p. :bil. ;c24 cm.1 aBiblioclase aPrimera reimpresión, 1997 aBibliografía: (p. [349]-359). aPremio nacional de pedagogía, 1993. Meción de honor al autor categoria innovación. 4aEnseñanza con ayudas de computadores 4aIngeniería de softwarexEstudio y enseñanza 0aBiblioclase.